000 00596nam a2200181 i 4500
001 58863
003 ES-MaACL
005 20250902063055.0
007 t|
008 031024s1972 sp ||||1| spa d
100 1 _aEco, Umberto,
_d1932-2016
_946611
245 1 3 _aLa estructura ausente
_b: introducción a la semiótica /
_cUmberto Eco ; [traducción, Francisco Serra Cantarell].
260 _aBarcelona :
_bLumen,
_c[1972]
300 _a510 p., 2 lám. ;
_c19 cm.
700 1 _aSerra Cantarell, Francisco.
_9105625
852 _aES-MaACL
_jC-42839
_bR.81136
999 _c58863
_d58863